<?xml version="1.0" encoding="UTF-8"?>
<collection xmlns="http://www.loc.gov/MARC21/slim">
 <record>
  <leader>01292ngm a22003375g 4500</leader>
  <controlfield tag="001">CEM.cems023612</controlfield>
  <controlfield tag="008">130507s2010##################0###0#####d</controlfield>
  <controlfield tag="005">20250617161604.0</controlfield>
  <datafield tag="245" ind1="1" ind2="0">
   <subfield code="a">Enfermedades cardiovasculares /</subfield>
   <subfield code="c">Canal Encuentro.</subfield>
  </datafield>
  <datafield tag="260" ind1=" " ind2=" ">
   <subfield code="a">Argentina,</subfield>
   <subfield code="c">2010</subfield>
  </datafield>
  <datafield tag="300" ind1=" " ind2=" ">
   <subfield code="a">45'.</subfield>
  </datafield>
  <datafield tag="490" ind1="0" ind2=" ">
   <subfield code="a">Al gran pueblo, salud</subfield>
  </datafield>
  <datafield tag="538" ind1=" " ind2=" ">
   <subfield code="a">Soporte: DVD - Color: Si - Grabación DRD</subfield>
  </datafield>
  <datafield tag="520" ind1=" " ind2=" ">
   <subfield code="a">En nuestro país, las enfermedades no transmisibles, como las cardiovasculares, son la principal causa de muerte y discapacidades. El Dr. Alejandro Monroy, cardiólogo del Hospital San Juan de Dios de La Plata, nos explica cómo identificar estas enfermedades y cómo prevenirlas.</subfield>
  </datafield>
  <datafield tag="500" ind1=" " ind2=" ">
   <subfield code="a">Consultar en ventanilla.</subfield>
  </datafield>
  <datafield tag="110" ind1="2" ind2=" ">
   <subfield code="a">Canal Encuentro.</subfield>
  </datafield>
  <datafield tag="700" ind1="1" ind2=" ">
   <subfield code="a">Díaz, Julieta; Conducción.</subfield>
  </datafield>
  <datafield tag="082" ind1="3" ind2="6">
   <subfield code="/">DIA</subfield>
  </datafield>
  <datafield tag="653" ind1=" " ind2=" ">
   <subfield code="a">BIOLOGIA</subfield>
  </datafield>
  <datafield tag="653" ind1=" " ind2=" ">
   <subfield code="a">SALUD</subfield>
  </datafield>
  <datafield tag="653" ind1=" " ind2=" ">
   <subfield code="a">ENFERMEDADES</subfield>
  </datafield>
  <datafield tag="653" ind1=" " ind2=" ">
   <subfield code="a">SALUD PUBLICA</subfield>
  </datafield>
  <datafield tag="653" ind1=" " ind2=" ">
   <subfield code="a">EDUCACION PARA LA SALUD</subfield>
  </datafield>
  <datafield tag="653" ind1=" " ind2=" ">
   <subfield code="a">MEDICINA</subfield>
  </datafield>
  <datafield tag="653" ind1=" " ind2=" ">
   <subfield code="a">MEDICINA PREVENTIVA</subfield>
  </datafield>
  <datafield tag="653" ind1=" " ind2=" ">
   <subfield code="a">ENFERMEDADES CARDIOVASCULARES</subfield>
  </datafield>
  <datafield tag="653" ind1=" " ind2=" ">
   <subfield code="a">ENFERMEDADES CORONARIAS</subfield>
  </datafield>
  <datafield tag="653" ind1=" " ind2=" ">
   <subfield code="a">CORAZON</subfield>
  </datafield>
  <datafield tag="653" ind1=" " ind2=" ">
   <subfield code="a">SERIE DE TELEVISIÓN</subfield>
  </datafield>
  <datafield tag="856" ind1=" " ind2=" ">
   <subfield code="u">https://www.youtube.com/watch?v=4TE1c0hSlj0</subfield>
  </datafield>
  <datafield tag="859" ind1=" " ind2=" ">
   <subfield code="a">CEMS</subfield>
   <subfield code="b">BIB. CEMS - Depto. Recursos Didacticos</subfield>
   <subfield code="h">362</subfield>
   <subfield code="i">DIA</subfield>
   <subfield code="k">DRD</subfield>
   <subfield code="p">2255.15</subfield>
   <subfield code="t">Ej.1</subfield>
  </datafield>
 </record>
</collection>
